| 000 | 00525nam a2200157Ia 4500 | ||
|---|---|---|---|
| 008 | 230907s9999||||xx |||||||||||||| ||und|| | ||
| 082 |
_a621.3 _bSAJ |
||
| 100 |
_aSajid Ali (00000276337) _9116726 |
||
| 245 | 0 | _aEnergy Management in High RER Multi-Microgrid System via Energy Trading and Storage Optimization / | |
| 260 |
_aUSPCAS-E, NUST, _bIslamabad : _c2022 |
||
| 300 | _axi, 59 p. | ||
| 520 | _aTH-395 | ||
| 650 |
_aMS-EEP Thesis MS-ESE Thesis _9116727 |
||
| 700 |
_aDr Syed Ali Abbas Kazmi _9117439 |
||
| 942 |
_cTHE _2ddc |
||
| 999 |
_c602073 _d602073 |
||